00313nam a2200121Ia 4500008004100000082001800041100001600059245004500075250000800120260003900128300000900167650001500176191201s2013 xx 000 0 und d a624.1821bPUC aPUNMIA, B.C 0aComprehensive design of steel structures aRep aN. delhibLaxmi Publicationsc2013 a1156 aB.Tech(CE)